Gaming Quiz

Random Gaming or Clickable Quiz

'Half-Life 2' Start to Finish Quiz Stats

 Plays Quiz not verified by Sporcle

Support Sporcle.
Go Orange.
Score 0/10 Timer 04:00
0 Plays Today
% Correct
???
100%
???
66.5%
???
52.3%
???
46.8%
???
43.6%
???
36.4%
???
34%
???
23.8%
???
23.5%
???
23.5%

You're not logged in!

Compare scores with friends on all Sporcle quizzes.
OR
Log In

From the Vault

Can You Recognize Great Artists?

by razorz

Not everyone can call their paintings art. But these folks have earned it.
Remove Ads.
Support Sporcle.
Get the best of Sporcle when you Go Orange. This ad-free experience offers more features, more stats, and more fun while also helping to support Sporcle. Thank you for becoming a member.

Show Comments

Extras

Top Quizzes Today


Score Distribution

Your Account Isn't Verified!

In order to create a playlist on Sporcle, you need to verify the email address you used during registration. Go to your Sporcle Settings to finish the process.

Report this User

Report this user for behavior that violates our Community Guidelines.

Details: